000 01796nam0a2200301 4500
001 RU\NLR\BIBL_A\012113024
005 20191021154308.0
010 _a978-5-91327-582-0
_9500
021 _aRU
_bКН-П-19-066983
_9КН-П-19-4820
035 _a(NLR Aleph) 012113024
035 _a(RuMoRGB)010086970
090 _a11950946
_c11950946
100 _a20191007d2019 u y0rusy50 ca
101 0 _arus
102 _aRU
105 _ay j 000zy
200 1 _aМатериально-технические ресурсы здравоохранения
_eучебное пособие
_e[соответствует основной образовательной программе послевузовского обучения (уровень ординатуры) по специальности "Организация здравоохранения и общественное здоровье"]
_fН. В. Данилова
_gпод редакцией профессора, академика РАН В. И. Стародубова
210 _aМосква
_cИздательский Дом Академии Естествознания
_d2019
215 _a59 с.
_cтабл.
_d20
320 _aБиблиогр. в конце гл. и в подстроч. примеч.
606 1 _aМедицинские учреждения
_jУчебные издания
_xМатериально-техническая база
_xУправление
_92262151
_3RU\NLR\AUTH\661356293
686 1 _aР11(2)л.к.я7
700 1 _7ca
_8rus
_aДанилова
_bН. В.
_cканд. мед. наук
_gНина Всеволодовна
_9102350
_3RU\NLR\AUTH\77119425
942 _cBOOK
980 _aNBR
980 _aNB